000 01041nam a2200253 i 4500
001 175312
003 ES-MaACL
005 20250822003749.0
007 t|
008 101021s1966 sp f ||||1| spa d
080 _a946.027 M. "15/17"
100 1 _aEntrambasaguas, Joaquín de,
_d1904-1995
_947309
245 1 0 _aDe cómo un rey madrileño dejó a su pueblo sin corte /
_cpor Joaquín de Entrambasaguas.
260 _aMadrid :
_bAyuntamiento de Madrid, Delegación de Educación :
_bInstituto de Estudios Madrileños,
_c1966.
300 _a63 p. , [2] h. de lám. ;
_c22 cm.
490 1 _aAula de cultura. Curso sobre historia de Madrid ;
_v5
600 0 4 _aFelipe
_bIII,
_cRey de España
_949180
651 4 _aMadrid-
_xHistoria-
_yS.XVI-XVIII.
_9143692
710 1 _aMadrid.
_bAyuntamiento.
_bDelegación de Educación.
_9143647
710 2 _aInstituto de Estudios Madrileños
_94916
830 0 _aAula de cultura. Curso sobre historia de Madrid ;
_v5
_9189644
852 _aES-MaACL
_j2260-F-4
_xOlim P-56
999 _c175312
_d175312